000 00476cam a22001457a 4500
008 180718b2013 xxu||||| |||| 00| 0 eng d
020 _a0198090331
082 _aN22x54 K96
100 _aKumar, T.K. Vinod
245 _aPublic events and police response:understanding public order policing in democratic India
_cby T.K. Vinod Kumar
260 _aNew Delhi
_bOxford
_c2013
300 _a319p.
650 _aProblem-oriented policing -- India
650 _aCrowd control -- India
999 _c443534
_d443534